| 000 | 00481 a2200169 4500 | ||
|---|---|---|---|
| 999 |
_c8472 _d8472 |
||
| 020 | _a9780415280143 | ||
| 050 | _aPN 241. B 265 2002 | ||
| 100 |
_aBassnett, Susan _eauthor |
||
| 245 |
_aTranslation Studies/ _cSusan Bassnett |
||
| 250 | _a3rd ed. | ||
| 264 |
_aLondon: _bRoutledge Taylor & Francis Group, _c2002 |
||
| 300 | _a176p: | ||
| 440 | _aNew Accents Series | ||
| 500 | _aIncludes index | ||
| 650 | _aTranslating and interpreting | ||
| 942 |
_2lcc _cBK _e3rd _h241.B265 _iBAS _kPN |
||